00415nam a22001457a 450000500170000000800410001702000150005804100120007308200120008510000120009724500530010926000500016230000320021265000250024420240816073100.0240816b |||||||| |||| 00| 0 eng d a0406901163 aEnglish a349 ALL lEnglish aThe All England Law Reports: Annual Review 1997  aLondon: bButterworth and Company Ltd, c1997 bxxxvi, 547 pages; c25 cm.  aLegal practice bLaw